[Event "Portugal Open 2020"]
[Site "Lisbon"]
[Date "2020.01.31"]
[Round "8.27"]
[White "Baba, Masahiro"]
[Black "Jorge, Rita Maria Osorio"]
[Result "1-0"]
[WhiteElo "2274"]
[BlackElo "1932"]
[Annotator "TA"]
[PlyCount "79"]
[EventDate "2020.01.25"]
[EventType "swiss"]
[EventCountry "POR"]
[SourceTitle "playchess.com"]
[Source "ChessBase"]
[SourceQuality "1"]

{[%evp 31,79,22,34,12,30,18,32,6,9,0,0,0,0,0,4,0,0,0,0,0,0,0,21,0,6,0,14,0,12,0,12,0,0,0,0,0,0,0,85,9,326,317,723,714,1026,1008,29996,29997,29997,29998]} 1. e4 e5 2. Nf3 Nc6 3. Bb5 a6 4. Ba4 Nf6 5. O-O Be7 6. Re1 b5 7. Bb3 d6 8. c3 O-O 9. h3 Nb8 10. d4 Nbd7 11. Nbd2 Bb7 12. Bc2 Re8 13. Nf1 Bf8 14. Ng3 g6 15. Bg5 h6 16. Bd2 Bg7 17. b3 {C95: Closed Ruy Lopez: Breyer Variation with 10 d4} Nb6 18. Qc1 Kh7 {[#]} 19. Bd3 $146 {White is slightly better.} ({Predecessor:} 19. Rb1 Rb8 20. h4 h5 21. dxe5 dxe5 22. c4 c5 23. Be3 Bf8 24. cxb5 axb5 25. Bd3 {1-0 (40) Link,P (2082)-Koronowski,H (2015) GER email 2011}) 19... Nfd7 20. Qc2 exd4 21. cxd4 c5 22. a4 bxa4 23. bxa4 a5 24. Bc3 cxd4 25. Bxd4 Bxd4 26. Nxd4 d5 (26... Qf6 $5 {[%cal Rf6d4]} 27. Nf3 Rec8 $11) 27. Nb5 {Threatens to win with Nd6.} Ne5 28. Rad1 Rc8 29. Qb3 Qf6 30. Bf1 {[%cal Re4d5]} Red8 31. Qe3 {Threatening exd5.} Nec4 32. Qb3 dxe4 33. Rxd8 Qxd8 34. Nxe4 {And now Rd1 would win.} Qe7 {[#]} (34... Bd5 $11 {remains equal.} 35. Nbc3 Be6) 35. Qf3 (35. Nbd6 $1 $16 {[%cal Rd6c8][%mdl 512]} Nxd6 36. Nxd6 Qxe1 37. Qxf7+ {[%mdl 64] Double Attack} (37. Nxc8 Bd5 $11) 37... Kh8 38. Qf6+ Kh7 39. Nxc8 (39. Nxb7 Rc1 $11) 39... Bxc8 40. Qxb6) 35... Kg7 $2 {[%mdl 8192]} (35... Qe6 $11 {and Black stays safe.}) 36. Qc3+ $18 f6 $2 {[#]} (36... Ne5 37. Qd4 (37. Qxa5 Bxe4 38. Rxe4 Qc5 $16) 37... Bxe4 38. Rxe4 Nbd7) 37. Ned6 $1 {[%mdl 576] Discovered Attack} Qd7 (37... Nxd6 38. Rxe7+) 38. Nxc8 {Black must now prevent Re7+.} Qxc8 39. Re7+ Kg8 40. Qxf6 {Accuracy: White = 88%, Black = 65%.} 1-0

[Event "Portugal Open 2020"]
[Site "Lisbon"]
[Date "2020.01.31"]
[Round "8.28"]
[White "Corbalan Gomez, Juan Jose"]
[Black "Saltao, Joao Miguel Ramos"]
[Result "1/2-1/2"]
[WhiteElo "2243"]
[BlackElo "1912"]
[Annotator "TA"]
[PlyCount "53"]
[EventDate "2020.01.25"]
[EventType "swiss"]
[EventCountry "POR"]
[SourceTitle "playchess.com"]
[Source "ChessBase"]
[SourceQuality "1"]

{[%evp 14,53,62,31,31,7,14,14,14,14,16,10,25,9,4,8,6,7,10,0,0,0,16,0,0,-25,16,9,123,0,0,0,0,-71,-50,-26,-21,-35,-28,-95,-98,-133]} 1. e4 e6 2. d4 d5 3. Nd2 dxe4 4. Nxe4 Bd7 5. Nf3 Bc6 6. Bd3 Nd7 7. Qe2 Be7 8. Bd2 Ngf6 {C10: French with 3 Nc3: Unusual Black 3rd moves and 3...dxe4} 9. O-O-O Nxe4 10. Bxe4 Bxe4 {The position is equal.} 11. Qxe4 c6 12. Kb1 Qb6 13. c4 O-O 14. h4 {[#]} Nf6 $146 ({Predecessor:} 14... Rfe8 15. Rh3 Rad8 16. Rg3 Nf6 17. Qe5 c5 18. h5 Qd6 19. Bh6 g6 20. hxg6 fxg6 21. Rxg6+ hxg6 {½-½ (26) Gu,X (2300)-Dableo,R (2453) Manila 2007}) 15. Qe2 c5 16. Bc3 Rfd8 17. h5 cxd4 18. Bxd4 Qc6 19. Rde1 Rac8 20. Ne5 Qa4 ({But not} 20... Qxg2 $2 21. Nxf7 $1 {[%mdl 512]} Qe4+ 22. Qxe4 $18) (20... Qc7 $11 21. Bc3 h6) 21. Rd1 ({White should play} 21. Bc3 $16) 21... b5 $11 {[%cal Rb5c4]} 22. Rhe1 {Threatens to win with Nxf7!} Rc7 {[%cal Rb5c4]} 23. Bc3 (23. b3 $11 Qb4 24. Nxf7 Kxf7 25. Qxe6+ Ke8 26. Bxf6 Rxd1+ 27. Rxd1 gxf6 28. Rd4 (28. Qg8+ Bf8 $17)) 23... Rxd1+ 24. Rxd1 bxc4 25. Qf3 $1 Qe8 26. h6 {[#]} (26. Ng4 $1 $11 {remains equal.} Nxh5 27. Nh6+ gxh6 28. Qxh5) 26... Nd5 $1 $17 27. Bd4 {Accuracy: White = 68%, Black = 86%.} 1/2-1/2

[Event "Portugal Open 2020"]
[Site "Lisbon"]
[Date "2020.01.31"]
[Round "8.29"]
[White "Casagrande, Federico"]
[Black "Lekic, Dusan"]
[Result "1-0"]
[WhiteElo "1999"]
[BlackElo "2343"]
[Annotator "TA"]
[PlyCount "49"]
[EventDate "2020.01.25"]
[EventType "swiss"]
[EventCountry "POR"]
[SourceTitle "playchess.com"]
[Source "ChessBase"]
[SourceQuality "1"]

{[%evp 19,97,-23,-18,-31,3,-57,-14,-35,-37,-51,-66,-61,-18,-35,37,48,48,18,41,48,52,27,139,99,145,72,368,355,514,518,454,180,245,237,402,274,281,283,277,272,256,228,228,244,186,125,204,104,195,181,161,92,91,0,190,177,164,82,151,139,249,278,275,275,347,358,558,551,529,504,928,870,29984,29985,29985,29986,29986,29987,29987,29988]} 1. d4 Nf6 2. c4 e6 3. Nf3 d5 4. Nc3 c6 5. e3 Nbd7 6. Bd3 dxc4 7. Bxc4 b5 8. Bb3 b4 9. Ne2 Bb7 10. O-O Bd6 11. Ng3 {D47: Semi-Slav: Meran System} c5 12. Qe2 {[#]} (12. d5 $11 Bxg3 13. dxe6 Bxh2+ 14. Nxh2 fxe6 15. Bxe6) 12... h5 $146 {Black wants to play ...h4.} ({Predecessor:} 12... O-O 13. Rd1 Qb6 14. Bd2 Rac8 15. Rac1 Rc7 16. Bc4 Rfc8 17. b3 a5 18. Be1 cxd4 19. exd4 {0-1 (41) Stanec,N (2480)-Novikov,I (2580) Graz 1995}) 13. Rd1 {The position is equal.} h4 14. Nf1 $1 h3 {And now ...hxg2 would win.} 15. g3 Rc8 16. N1d2 Ne4 {[#]} (16... Qc7 $15) 17. d5 $1 $14 {[%mdl 512]} Nxd2 (17... Bxd5 18. Nxe4) 18. Rxd2 e5 19. e4 Nb6 20. Rc2 g6 (20... c4 $1 $11 {remains equal.}) 21. Be3 Qd7 22. Rac1 (22. Nd2 $142) 22... Qg4 $2 {[%mdl 8192]} (22... c4 $16) 23. Bxc5 $18 Bxc5 (23... Rxc5 {was called for.} 24. Rxc5 O-O) 24. Rxc5 O-O 25. Qe3 {Played: Nf3-d4} 1-0

[Event "Portugal Open 2020"]
[Site "Lisbon"]
[Date "2020.01.31"]
[Round "8.30"]
[White "Martin Duque, Jesus"]
[Black "Marzano, Carlo"]
[Result "1-0"]
[WhiteElo "2447"]
[BlackElo "2078"]
[Annotator "RC"]
[PlyCount "97"]
[EventDate "2020.01.25"]
[EventType "swiss"]
[EventCountry "POR"]
[SourceTitle "playchess.com"]
[Source "ChessBase"]
[SourceQuality "1"]
[TimeControl "5400+30"]

1. e4 {[%emt 0:00:00]} e5 {[%emt 0:01:47]} 2. Nf3 {[%emt 0:00:00]} Nc6 {[%emt 0:00:06]} 3. Bc4 {[%emt 0:00:00]} Nf6 {[%emt 0:00:06]} 4. d3 {[%emt 0:00:00]} Be7 {[%emt 0:00:05]} 5. O-O {[%emt 0:00:00]} O-O {[%emt 0:00:05]} 6. Re1 {[%emt 0:00:00]} d6 {[%emt 0:00:04]} 7. a4 {[%emt 0:00:00]} h6 {[%emt 0:00:15]} 8. a5 {[%emt 0:01:39]} a6 {[%emt 0:01:03]} 9. h3 {[%emt 0:01:08]} Nh7 {[%emt 0:00:24]} 10. Nc3 {[%emt 0:02:43]} Ng5 {[%emt 0:01:15]} 11. Nd5 {[%emt 0:03:27]} Nxf3+ {[%emt 0:02:24]} 12. Qxf3 {[%emt 0:00:04]} Bg5 {[%emt 0:13:08]} 13. Bxg5 {[%emt 0:03:16]} hxg5 {[%emt 0:04:47]} 14. c3 {[%emt 0:01:24]} Nxa5 {[%emt 0:17:03]} 15. Rxa5 {[%emt 0:01:55]} c6 {[%emt 0:00:07]} 16. Raa1 {[%emt 0:03:15]} cxd5 {[%emt 0:00:13]} 17. Bxd5 {[%emt 0:00:02]} g6 {[%emt 0:04:33]} 18. Qe3 {[%emt 0:06:15]} Qe7 {[%emt 0:03:23]} 19. d4 {[%emt 0:05:44]} Kg7 {[%emt 0:02:00]} 20. dxe5 {[%emt 0:09:07]} dxe5 {[%emt 0:00:13]} 21. Qb6 {[%emt 0:00:57]} Rd8 {[%emt 0:04:52]} 22. Red1 {[%emt 0:03:00]} Qf6 {[%emt 0:05:09]} 23. Qc7 {[%emt 0:01:23]} Rd7 {[%emt 0:01:57]} 24. Qc5 {[%emt 0:01:42]} Qe7 {[%emt 0:06:10]} 25. Qb6 {[%emt 0:08:12]} Rd6 {[%emt 0:03:36]} 26. Qb4 {[%emt 0:00:58]} Rd7 {[%emt 0:04:11]} 27. Ra4 {[%emt 0:01:57]} Qxb4 {[%emt 0:01:23]} 28. Rxb4 {[%emt 0:00:01]} Ra7 {[%emt 0:06:46]} 29. Rb6 {[%emt 0:00:33]} Rc7 {[%emt 0:00:41]} 30. Rd3 {[%emt 0:05:18]} Bd7 {[%emt 0:02:18]} 31. Rg3 {[%emt 0:00:09]} f6 {[%emt 0:00:23]} 32. Rd3 {[%emt 0:00:34]} Be8 {[%emt 0:01:22]} 33. Rf3 {[%emt 0:04:52]} Bc6 {[%emt 0:00:17]} 34. c4 {[%emt 0:00:32]} Rc8 {[%emt 0:05:38]} 35. Rd3 {[%emt 0:01:54]} Bxd5 {[%emt 0:02:48]} 36. cxd5 {[%emt 0:00:21]} Rc7 {[%emt 0:00:56]} 37. Rf3 {[%emt 0:02:12]} Rf7 {[%emt 0:00:03]} 38. Rc3 {[%emt 0:00:23]} Ra8 {[%emt 0:00:13]} 39. f3 {[%emt 0:02:01]} Rd8 {[%emt 0:00:10]} 40. Kf2 {[%emt 0:00:40]} Rdd7 {[%emt 0:00:01]} 41. Ke3 {[%emt 0:01:34]} Rfe7 {[%emt 0:00:32]} 42. Kd3 {[%emt 0:02:06]} Rf7 {[%emt 0:00:18]} 43. Kc4 {[%emt 0:03:14]} Rc7+ {[%emt 0:00:42]} 44. Kb4 {[%emt 0:00:16]} Rcd7 {[%emt 0:00:09]} 45. d6 {[%emt 0:01:11]} Kh6 {[%emt 0:01:45]} 46. Kc5 {[%emt 0:00:59]} Kh5 {[%emt 0:00:03]} 47. g3 {[%emt 0:01:37]} Kh6 {[%emt 0:00:02]} 48. Kd5 {[%emt 0:00:15]} Kg7 {[%emt 0:00:10]} 49. Ke6 {[%emt 0:00:53]} 1-0

[Event "Portugal Open 2020"]
[Site "Lisbon"]
[Date "2020.01.31"]
[Round "8.31"]
[White "Butkiewicz, Lukasz"]
[Black "Guerreiro, Nuno"]
[Result "1-0"]
[WhiteElo "2416"]
[BlackElo "2071"]
[Annotator "TA"]
[PlyCount "79"]
[EventDate "2020.01.25"]
[EventType "swiss"]
[EventCountry "POR"]
[SourceTitle "playchess.com"]
[Source "ChessBase"]
[SourceQuality "1"]

{[%evp 10,79,104,116,110,105,109,117,116,111,105,107,116,90,110,99,101,102,118,98,140,58,138,158,186,110,195,214,261,103,97,87,80,85,92,93,192,181,116,50,48,46,83,75,106,116,114,123,409,394,368,390,369,370,327,320,491,482,426,383,367,364,868,868,868,868,868,868,831,816,29995,1209]} 1. e4 Nc6 2. Nf3 Nf6 3. e5 Ng4 4. d4 d6 5. h3 Nh6 6. Nc3 a6 {B00: Queen's Fianchetto Defence, Nimzowitsch Defence} 7. Bg5 dxe5 8. d5 {[%mdl 64] Zwischenzug} Nb8 {White is better.} 9. Nxe5 {Black must now prevent Bxh6.} Nf5 10. Bd3 {Nxf7 is the strong threat.} g6 {[#]} 11. g4 $146 ({Predecessor:} 11. Bf4 Bg7 12. O-O O-O 13. Re1 Re8 14. a4 Nd6 15. Qd2 Nd7 16. Ng4 Nc5 17. Nh6+ {1-0 (53) Deschamp,G (2282)-Cesbron,G (2150) Liape email 2002}) 11... Nd6 12. Qe2 Bg7 13. Nf3 $36 {[%mdl 2048] Keeping Black busy.} c6 14. O-O-O {Hoping for Rhe1.} h6 15. Be3 (15. Bf4 $16) 15... O-O (15... Bxc3 $1 $14 16. bxc3 cxd5) 16. Qd2 $16 Kh7 17. Rdg1 (17. h4 $1 $18 {[%cal Rh4h5]} Bxg4 18. h5 Bxf3 19. Bxh6 $1 {[%mdl 512]}) 17... Qa5 {[#]} (17... b5 $16) 18. h4 $1 $18 Bxc3 19. Qxc3 $2 (19. bxc3 $18 Qxa2 20. Qe2) 19... Qxc3 $16 20. bxc3 {[%cal Bb2c3,Bc3c4][%mdl 32]} Kg7 21. c4 cxd5 22. cxd5 b5 (22... Nd7 $16) 23. h5 g5 24. Nd4 (24. Re1 $16) 24... Bb7 $14 25. f4 Bxd5 26. fxg5 Bxh1 27. gxh6+ ({Much weaker is} 27. Rxh1 $6 hxg5 28. Bxg5 Re8 $11) 27... Kh8 {Threatens to win with ...Be4.} 28. Rxh1 {And now g5 would win.} e5 $2 {[%mdl 8192]} (28... Nd7 $16) 29. Nf5 Nxf5 30. Bxf5 ({Worse is} 30. gxf5 Nd7 $15) 30... Nc6 31. g5 Nd4 32. Be4 Rad8 (32... Ne2+ {might work better.} 33. Kb2 Ng3 34. Bxa8 Rxa8) 33. g6 $18 {Strongly threatening Bxd4.} Kg8 34. h7+ Kh8 35. Bh6 {[%csl Gh6][%cal Rg6g7]} fxg6 $2 (35... Ne6 36. Bxf8 Rxf8) 36. hxg6 {[%csl Gh6][%cal Rg6g7]} Ne6 37. Bxf8 Rxf8 38. Rh5 Rf1+ 39. Kb2 Nc5 {[#]} 40. g7+ $1 {[%mdl 576] Decoy, Promotion. Accuracy: White = 69%, Black = 46%.} 1-0

[Event "Portugal Open 2020"]
[Site "Lisbon"]
[Date "2020.01.31"]
[Round "8.32"]
[White "Vasli, Aref"]
[Black "Maric, Boris"]
[Result "1-0"]
[WhiteElo "2391"]
[BlackElo "2034"]
[Annotator "TA"]
[PlyCount "111"]
[EventDate "2020.01.25"]
[EventType "swiss"]
[EventCountry "POR"]
[SourceTitle "playchess.com"]
[Source "ChessBase"]
[SourceQuality "1"]

{[%evp 28,111,24,30,31,33,32,7,62,37,26,-20,-7,-29,-19,-25,-25,-73,-71,-100,-96,-103,-101,-116,-112,-108,-110,-123,-101,-185,-179,-203,-106,-99,-81,-95,-94,-95,-90,-103,-88,-88,-88,-88,-81,-81,-59,-74,0,-81,-81,-74,-74,-235,-74,-108,-74,-74,-62,-128,-17,-32,-20,-63,-52,-76,0,0,0,0,0,0,0,0,0,0,0,0,0,0,30,0,0,0,1585,1434]} 1. e4 e5 2. Nf3 Nc6 3. Bb5 a6 4. Ba4 Nf6 5. O-O Be7 6. Re1 b5 7. Bb3 d6 8. c3 O-O 9. h3 Nb8 10. d4 Nbd7 11. Nbd2 Bb7 12. Bc2 Re8 13. Nf1 Bf8 14. Ng3 g6 15. Bg5 c5 {C95: Closed Ruy Lopez: Breyer Variation with 10 d4} 16. d5 c4 {[#]} 17. Qc1 $146 ({Predecessor:} 17. Qd2 Qc7 18. Nh2 Bg7 19. Rf1 Rf8 20. Kh1 Kh8 21. f4 exf4 22. Rxf4 Ng8 23. Rf2 {1-0 (45) Bacrot,E (2728)-Postny,E (2648) Le Port Marly 2009}) 17... Nc5 (17... Qc7 $11) 18. h4 h5 19. a4 Be7 20. Be3 Qc7 21. Ng5 Ng4 22. Bd2 bxa4 23. Nf1 Nb3 24. Bxb3 axb3 ({Much weaker is} 24... cxb3 $6 25. Rxa4 a5 26. c4 $11) 25. Ne3 Bc8 26. Qd1 a5 {[%cal Ba6a5,Ba5a4][%mdl 32]} 27. Qf3 Rf8 28. Qg3 (28. Qe2 $17) 28... a4 $19 29. Ra3 {[#]} Nxe3 (29... f5 $1 $19 {[%cal Rf5f4] Strongly threatening ...f4.} 30. Nxg4 hxg4) 30. Bxe3 $17 Bf6 31. Rea1 Bd7 32. f4 exf4 33. Bxf4 Be5 (33... Ra6 {is interesting.} 34. Bd2 Bg7 35. Be3 Be5 36. Bf4 Qc5+) 34. Bxe5 dxe5 35. Nf3 Rae8 36. Kh1 Qd6 37. Nd2 Qc5 ({Black should try} 37... Qa6 $17) 38. Rf1 (38. Kh2 $1 $11) 38... Kg7 39. Raa1 f6 40. Rf5 $2 {[#]} (40. Ra3 $17 {keeps fighting.}) 40... Kh7 $2 ({Stronger than} 40... Bxf5 41. exf5 Qxd5 42. Qxg6+ Kh8 43. Qxh5+ Kg8 44. Qg6+ Kh8 45. Qh6+ Kg8 46. Qg6+ Kh8 47. Qh6+ Kg8 48. Qg6+ $11) (40... Ra8 $1 $19 {and Black stays clearly on top.} 41. Rff1 a3 42. bxa3 Ra4) 41. Rf2 Bb5 42. Raf1 Qd6 43. Nb1 (43. Qf3 $15) 43... Ra8 (43... Rc8 $17 44. Qe3 Bd7) 44. Na3 $11 Ba6 45. Qe3 Kg7 46. Rg1 f5 (46... Qd7 $17) 47. exf5 Rxf5 48. Rxf5 gxf5 49. Qg5+ Qg6 50. Qe7+ {[%mdl 64] Double Attack} Kh6 51. Qxe5 Re8 52. Qf4+ Kh7 53. Rf1 ({Don't go for} 53. Nxc4 $2 Re4 $19) 53... Re4 54. Qc7+ (54. Qxf5 $5 {[%cal Rf5f8]} Rxh4+ 55. Kg1 $14) 54... Kh6 55. Qd8 {Hoping for Qh8+.} Rxh4+ $2 {[%mdl 8192]} (55... Re8 $11 56. Qc7 Re2 57. Qf4+ Kh7) 56. Qxh4 {Accuracy: White = 61%, Black = 70%.} 1-0

[Event "Portugal Open 2020"]
[Site "Lisbon"]
[Date "2020.01.31"]
[Round "8.33"]
[White "Fernandes, Alberto"]
[Black "Gahan M G"]
[Result "0-1"]
[WhiteElo "2092"]
[BlackElo "2245"]
[Annotator "TA"]
[PlyCount "32"]
[EventDate "2020.01.25"]
[EventType "swiss"]
[EventCountry "POR"]
[SourceTitle "playchess.com"]
[Source "ChessBase"]
[SourceQuality "1"]

{[%evp 9,62,-27,-8,-27,-26,-33,-8,-15,-18,-37,-23,-45,-12,-19,12,-60,-64,-131,-120,-225,-245,-525,-525,-533,-541,-514,-511,-810,-485,-423,-402,-421,-415,-413,-405,-403,-405,-400,-391,-455,-455,-455,-455,-439,-437,-573,-565,-677,-479,-478,-474,-677,-593,-685,-670]} 1. b3 e5 2. Bb2 Nc6 3. e3 Nf6 4. Bb5 Bd6 5. Nc3 a6 6. Bxc6 {A01: Nimzowitsch-Larsen Opening} dxc6 7. e4 O-O {[#]} 8. Nge2 $146 {The position is equal.} ({Predecessor:} 8. Nf3 Qe7 9. d3 Ba3 10. Bxa3 Qxa3 11. Qd2 Re8 12. h3 Qd6 13. O-O c5 14. a4 {½-½ (55) Fernandes,A (2139)-Martins,D (2179) Sintra 2013}) 8... Re8 9. O-O Bc5 10. Ng3 Bg4 (10... h5 $5) 11. Nce2 Qd7 12. d3 (12. Kh1 $11) 12... h5 $1 $36 {[%mdl 2048] Black fights for an advantage.} 13. h4 ({White should play} 13. Kh1 $1 $15) 13... Rad8 14. Kh1 (14. a4 $17 {was necessary.}) 14... Qe7 $19 15. Nf5 $2 (15. b4 Ba7 16. Kg1) 15... Bxf5 $1 16. exf5 {[#]} Ne4 {Played: Nf6-g4} 0-1

[Event "Portugal Open 2020"]
[Site "Lisbon"]
[Date "2020.01.31"]
[Round "8.34"]
[White "Santos, Jose Guilherme B Lim"]
[Black "Sismeiro, Miguel"]
[Result "0-1"]
[WhiteElo "2211"]
[BlackElo "2026"]
[Annotator "TA"]
[PlyCount "114"]
[EventDate "2020.01.25"]
[EventType "swiss"]
[EventCountry "POR"]
[SourceTitle "playchess.com"]
[Source "ChessBase"]
[SourceQuality "1"]

{[%evp 10,114,26,25,31,31,38,16,28,23,55,62,62,47,54,51,45,25,48,49,69,65,79,83,73,86,97,90,127,115,175,170,179,179,180,164,245,187,199,158,367,352,223,7,16,16,55,57,116,138,126,137,129,0,0,0,0,0,0,0,0,-268,-262,-256,0,-357,-362,-359,-354,-356,-352,-349,-352,-352,-345,-391,-392,-397,-432,-419,-415,-397,-403,-403,-395,-468,-455,-453,-435,-709,-698,-723,-731,-732,-633,-746,-722,-1829,-2172,-2248,-2113,-1882,-1779,-1668,-1393,-1162,-1007]} 1. c4 Nf6 2. Nc3 e5 3. Nf3 Nc6 4. e4 d6 5. d4 exd4 6. Nxd4 Be7 {A28: English Opening: Four Knights Variation} 7. Be2 O-O 8. Nc2 Re8 {The position is equal.} 9. O-O Bf8 10. f3 {[#]} a5 $146 ({Predecessor:} 10... Ne5 11. Ne3 c6 12. b3 Ng6 13. Qd2 Qb6 14. Kh1 Nh5 15. Bb2 Nhf4 16. Rad1 Be6 {0-1 (48) Brener,I (2082)-Haemmerlein,T (2076) Berlin 2003}) 11. b3 Nd7 12. Bb2 Nc5 13. Nd5 Nb8 14. Qd2 $36 {[%mdl 2048] White has the initiative.} c6 15. Nde3 Nba6 16. Bc3 b6 17. Nd4 Qc7 18. Rad1 Bb7 19. a3 {[%cal Ba2a3,Ba3b4][%mdl 32]} Rad8 (19... Bc8 $16 20. b4 Ne6) 20. b4 $18 axb4 21. axb4 Ne6 {[#]} 22. Ndf5 $1 Rd7 (22... Ra8 $142 23. Rfe1 (23. Nxd6 Bxd6 24. Qxd6 Nf4 $18) 23... Rad8) 23. Rfe1 Qd8 24. e5 Qg5 $2 (24... c5 $16) 25. h4 Qg6 26. Bd3 $2 (26. Nxd6 $18 {aiming for Bd3.} Nf4 27. Bd3 Nxd3 28. Qxd3 (28. Nxe8 h5 $18) 28... Qxd3 29. Rxd3) 26... dxe5 $11 27. Qc2 {And now Ne7+! would win.} Rxd3 28. Qxd3 Bc8 (28... f6 $1 $14) 29. Nd6 $16 Qxd3 30. Rxd3 Rd8 31. Red1 (31. Bxe5 $16 {Threatens to win with Rb1.} Nxb4 32. Rd2) 31... Nf4 $11 32. R3d2 Rxd6 $1 33. Rxd6 Ne2+ {[%mdl 64] [#] Double Attack} 34. Kf2 Nxc3 35. R1d3 $2 {[%mdl 8192]} (35. R1d2 $1 $11 Nb1 36. Rd1) 35... Nxb4 $19 36. Rd2 Nb1 $2 (36... Be6 $19 37. Rd8 g6) 37. Rd8 $2 {[%mdl 8192]} (37. Rd1 $11 {and White stays safe.}) 37... Nxd2 38. Rxc8 g6 39. Ke2 Nb3 40. Ng4 Kg7 41. Nxe5 Bd6 42. f4 Nd4+ 43. Ke3 Nf5+ 44. Ke4 Nxh4 45. g3 Nf5 46. g4 Ne7 47. Rd8 f5+ {Black is clearly winning.} 48. gxf5 gxf5+ 49. Kf3 (49. Ke3 $142 Bc5+ 50. Kd2) 49... Bxe5 50. fxe5 Ng6 51. e6 Kf6 52. Rb8 Nd3 53. Rxb6 Nde5+ 54. Kf2 Kxe6 55. Rb7 h5 56. Rh7 h4 57. c5 Kd5 {Accuracy: White = 68%, Black = 76%.} 0-1

[Event "Portugal Open 2020"]
[Site "Lisbon"]
[Date "2020.01.31"]
[Round "8.35"]
[White "Pastor Alonso De Prado, Alberto"]
[Black "Jaracz, Barbara"]
[Result "1/2-1/2"]
[WhiteElo "2074"]
[BlackElo "2200"]
[Annotator "TA"]
[PlyCount "96"]
[EventDate "2020.01.25"]
[EventType "swiss"]
[EventCountry "POR"]
[SourceTitle "playchess.com"]
[Source "ChessBase"]
[SourceQuality "1"]

{[%evp 9,96,0,0,-13,0,14,26,30,38,-8,0,0,29,33,62,72,75,66,66,67,81,84,98,71,74,33,26,26,42,17,33,12,14,6,17,22,20,0,0,0,0,0,0,0,0,0,0,0,80,0,0,0,0,0,0,-33,-66,-58,-22,-97,612,597,566,511,425,0,0,0,0,0,0,0,0,0,0,0,0,0,0,0,0,0,0,0,0,0,0,0,0]} 1. e4 e5 2. Nf3 Nc6 3. Nc3 Nf6 4. Bb5 Bd6 5. Bxc6 dxc6 6. d4 {C48: Four Knights: 4 Bb5, replies other than 4...Bb4} exd4 7. Qxd4 {Hoping for e5.} O-O 8. Bg5 {White has an edge.} h6 9. Bh4 {[#]} (9. Bxf6 $5 Qxf6 10. Qxf6 gxf6 11. Nd4 $11) 9... g5 $146 ({Predecessor:} 9... Re8 10. O-O Qe7 11. Rfe1 Bc5 12. Qd2 Qe6 13. e5 Nd5 14. Ne4 Bf8 15. c4 Nb6 {0-1 (55) Musovic,A (2247)-Pajkovic,V (2434) Montenegro 2017}) 10. Bg3 $1 {Strongly threatening e5.} Bxg3 11. hxg3 Qxd4 12. Nxd4 Kg7 13. f3 Bd7 14. O-O-O Rfe8 15. g4 a6 16. Rhe1 Rad8 17. Nf5+ (17. b4 {seems wilder.} Ra8 18. a3 a5 19. Kb2 axb4 20. axb4 Rad8 21. Nce2) 17... Bxf5 18. Rxd8 Rxd8 19. gxf5 $14 {[%mdl 4096] Endgame KRN-KRN} h5 20. e5 Nd5 21. Rd1 b5 22. b4 h4 23. a3 f6 24. e6 Kf8 25. Kb2 Ke7 {And now ...Nxc3 would win.} 26. Nxd5+ $1 cxd5 $11 {KR-KR} ({But not} 26... Rxd5 $2 27. Rxd5 cxd5 28. a4 $1 $18 {[%mdl 512]}) 27. Kc3 Kd6 28. Kd4 g4 {[#]} (28... c6 $11 {keeps the balance.}) 29. Rh1 ({Much worse is} 29. fxg4 Rg8 $11) ({White should try} 29. Ke3 $1 $16) 29... gxf3 30. gxf3 Rh8 31. f4 h3 32. Ke3 h2 33. Kf3 d4 $1 34. Kg3 Rh5 $2 {[%mdl 8192]} (34... c5 $17 35. bxc5+ (35. Rxh2 $2 Rxh2 36. bxc5+ Ke7 $19) 35... Ke7) 35. Rxh2 $18 Rxf5 36. Kg4 Rd5 37. Re2 $2 ({Only move:} 37. f5 $18) 37... f5+ $11 {The position is equal.} 38. Kg5 {Threatening mate with e7.} Ke7 39. Kg6 c5 40. bxc5 $1 Rxc5 41. Kg5 a5 42. Re1 Rd5 43. Kg6 b4 44. axb4 axb4 45. Rb1 Rb5 46. Rd1 Rd5 47. Rb1 Rb5 48. Rd1 Rd5 {Accuracy: White = 83%, Black = 86%.} 1/2-1/2

[Event "Portugal Open 2020"]
[Site "Lisbon"]
[Date "2020.01.31"]
[Round "8.37"]
[White "Hulshof, Peter"]
[Black "Guia, Artur Solovyov Eloy"]
[Result "1-0"]
[WhiteElo "2192"]
[BlackElo "1928"]
[Annotator "TA"]
[PlyCount "65"]
[EventDate "2020.01.25"]
[EventType "swiss"]
[EventCountry "POR"]
[SourceTitle "playchess.com"]
[Source "ChessBase"]
[SourceQuality "1"]

{[%evp 13,65,-8,0,0,0,0,0,0,0,-5,-5,-5,-5,-5,0,-7,7,0,0,0,0,0,0,0,12,8,23,0,22,0,0,0,0,-4,98,0,25,18,26,6,31,6,72,0,100,97,610,587,808,612,604,537,29992,29990]} 1. e4 e5 2. Nf3 Nc6 3. Nc3 Nf6 4. g3 Bc5 5. Bg2 O-O 6. O-O d6 7. d3 a6 8. Bg5 {C26: Vienna Game: 2...Nf6, sidelines} h6 9. Bh4 Bg4 {Hoping for ...g5.} 10. Qd2 {The position is equal.} Bxf3 11. Bxf6 Qxf6 12. Nd5 $1 {[%csl LRc7,LRf6][%mdl 64] [#] Double Attack} Qg5 $146 ({Predecessor:} 12... Qd8 13. Bxf3 Nd4 14. Bg2 c6 15. Ne3 Ne6 16. h4 a5 17. c3 Bxe3 18. fxe3 Nc5 {½-½ (44) Pfretzschner,R (2538)-Orlovsky,I (2302) ICCF email 2015}) 13. Qxg5 hxg5 14. Bxf3 Nd4 15. Bd1 c6 16. Ne3 Rfd8 17. c3 Ne6 18. Bb3 Nc7 19. Kg2 g6 20. Rad1 Kg7 21. Nc2 a5 22. a4 Bb6 23. d4 f5 (23... exd4 $11 24. Nxd4 Re8) 24. f3 ({White should play} 24. exf5 $1 $16 exd4 25. Nxd4) 24... f4 25. Rfe1 Kf6 26. Rd2 Ke7 27. Red1 Ne8 (27... exd4 $11 28. Nxd4 Bc5) 28. Ne1 ({Better is} 28. gxf4 $16 gxf4 29. Kh1) 28... Kf6 {[#]} (28... exd4 $11 {keeps the balance.} 29. cxd4 Nc7) 29. dxe5+ $1 $16 dxe5 $2 {[%mdl 8192] [#]} (29... Kxe5 $16 30. Bf7 Be3) 30. Rd7 $1 $18 {[%csl Gb3][%cal Rd7f7]} g4 31. Rf7+ Kg5 32. fxg4 {Nf3+ would kill now.} Kxg4 33. Nf3 {Accuracy: White = 89%, Black = 51%.} 1-0